000 00440nam a22001697a 4500
003 UA-OsUOA
001 3864
007 ta
008 20050721b un ||||| |||| 00| 0 ukr d
100 _aКаушанская
700 _aВ. Л.
942 _cBK
040 _aUA-OsUOA
_cUA-OsUOA
_dUA-OsUOA
245 _aСборник упражнений по грамматике англ. языка.
_bEnglish grammar
955 _a2
650 7 _2UDC
999 _c290026
_d290026